Normal view
MARC view
- MANAGEMENT-HANDBOOKS
Entry Topical Term
001 - CONTROL NUMBER
- control field: 76493
003 - CONTROL NUMBER IDENTIFIER
- control field: NUST
005 - DATE AND TIME OF LATEST TRANSACTION
- control field: 20210628205647.0
008 - FIXED-LENGTH DATA ELEMENTS
- fixed length control field: 210628|| aca||aabn | a|a d
040 ## - CATALOGING SOURCE
- Original cataloging agency: NUST
- Transcribing agency: NUST
150 ## - HEADING--TOPICAL TERM
- Topical term or geographic name entry element: MANAGEMENT-HANDBOOKS
670 ## - SOURCE DATA FOUND
- Source citation: Work cat.: (NUST): Silverman, Melvin 76492, The technical manager's handbook a survival guide, 1996
